Philosophy of the sciences : or the relations between the departments of knowledge /

Bibliographic Details
Main Author: Tennant, Frederick Robert, 1866-1957
Format: Book
Language:English
Published: Cambridge [England] : The University Press, 1932.
Subjects:

MARC

Tag First Indicator Second Indicator Subfields
LEADER 00000cam a2200000 i 4500
001 in00000043886
005 20151007065019.0
008 780602s1932 enk 00010 eng d
035 |a (OCoLC)03947993 
035 |9 AAE1098AM 
040 |a COI  |c COI  |d TXA  |d UtOrBLW 
049 |a TXAM  |c [194176] 
090 |a BD241  |b .T4 
092 |a 501.2  |b T295p 
100 1 |a Tennant, Frederick Robert,  |d 1866-1957. 
245 1 0 |a Philosophy of the sciences :  |b or the relations between the departments of knowledge /  |c by F. R. Tennant. 
264 1 |a Cambridge [England] :  |b The University Press,  |c 1932. 
300 |a ix, 191 pages ;  |c 19 cm. 
336 |a text  |b txt  |2 rdacontent 
337 |a unmediated  |b n  |2 rdamedia 
338 |a volume  |b nc  |2 rdacarrier 
500 |a "This volume contains the Tarner lectures for 1931-1932, substantially in the form in which they were delivered." 
650 0 |a Classification of sciences. 
730 0 |a Tarner lectures, 1931-1932. 
999 |a MARS 
999 f f |s a2f8d101-6b93-321b-8f7d-715ee9b9aaff  |i ed1f77f9-0271-3192-b2ee-1e769e0d4210  |t 0 
952 f f |p ric  |a Texas A&M University  |b Rellis Campus  |c Joint Library Facility  |d Remote Storage  |t 0  |e BD241 .T4  |h Library of Congress classification  |i unmediated -- volume  |m A14800891783 
998 f f |a BD241 .T4  |t 0  |l Remote Storage